01067nab a22002057a 4500999001500000003000400015005001700019008004100036040000700077100002800084245012700112260004200239300001100281500003100292505028600323505008900609650002800698773012200726942001300848 c5420d5420OSt20250327121540.0190506c xxu||||| |||| 00| 0 spa d cPJ 94416aAhuad, Ernesto J.10a¿Jugadores o trabajadores? Desafíos legales de los vínculos contractuales en el limbo metaversal /cErnesto J. Ahuad. aBuenos Aires :bAbeledoPerrot,c2025. ap. 3-8 aTR LALEY AR/DOC/3313/2024  aSumario: I. Introducción.— II. Economía, relaciones laborales y metaversos.— III. Los mecenazgos en el play to earn.— IV. Teorizando sobre la naturaleza de la relación.— V. Gremios de criptogamers y contratos inteligentes.— VI. Conclusión.— VII. Bibliografía. t¿Te interesa el texto completo? Comunicate al correo: koha@justierradelfuego.gov.ar 09209aDERECHO EN GENERAL0 0275193202dBuenos Aires : AbeledoPerrot, 2013-tRevista de derecho laboral y seguridad social. Nº 3 - Febrero 2025 2udccANA